000 00747nam a22002417a 4500
003 UA-OsUOA
001 119998
007 ta
008 20161202b un ||||| |||| 00| 0 ukr d
100 _aДуткевич Т. В.
090 _a159.922.7(075.8)
_bД84
942 _cBK
040 _aUA-OsUOA
_bukr
_cUA-OsUOA
_dUA-OsUOA
245 _aТеорія і практика розвивально-корекційної роботи психолога
_bтеоретичний курс: навчальний посібник
300 _a265 с.
955 _a2
041 _aukr
080 _a159.922.7(075.8)
020 _a978-966-373-818-5
260 _aК.
_bКНТ
_c2017
650 7 _a159.9 Психологія
_2UDC
999 _c406084
_d406084